Slepičí polévka pro duši : síla "Ano!" : 101 příběhů o odvaze, změně a pozitivním myšlení /

Titul z dlouhé série sbírek skutečných životních příběhů, jež se pro čtenáře mohou stát inspirací pro jejich vlastní životní cesty.

Hlavní autor: Newmark, Amy
Další autoři: Srbová, Jana
Jazyk: Čeština
Vydáno: Praha : Práh, 2021
Vydání: Vydání první
Témata:
Fyzický popis: 484 stran ; 21 cm
Knihy
Uloženo v:
LEADER 02477nam a2200565 i 4500
001 nkc20213327039
003 CZ PrNK
005 20210812154543.0
007 ta
008 210604s2021 xr g 000 j cze
015 |a cnb003327039 
020 |a 978-80-7252-880-6  |q (brožováno) 
035 |a (OCoLC)1267680557 
040 |a ABG001  |b cze  |d OLA001  |e rda 
041 1 |a cze  |h eng 
072 7 |a 821.111(73)-3  |x Americká próza  |2 Konspekt  |9 25 
080 |a 821.111(73)-32  |2 MRF 
080 |a 159.923.5  |2 MRF 
080 |a 159.923.2  |2 MRF 
080 |a 179.6  |2 MRF 
080 |a 316.628  |2 MRF 
080 |a (0:82-32)  |2 MRF 
100 1 |a Newmark, Amy  |7 xx0127662  |4 aut 
240 1 0 |a Chicken soup for the soul.  |l Česky 
245 1 0 |a Slepičí polévka pro duši :  |b síla "Ano!" : 101 příběhů o odvaze, změně a pozitivním myšlení /  |c Amy Newmarková ; z anglického originálu "Chicken soup for the soul" ... přeložila Jana Srbová 
246 3 0 |a Síla "Ano!" 
250 |a Vydání první 
264 1 |a Praha :  |b Práh,  |c 2021 
300 |a 484 stran ;  |c 21 cm 
336 |a text  |b txt  |2 rdacontent 
337 |a bez média  |b n  |2 rdamedia 
338 |a svazek  |b nc  |2 rdacarrier 
520 2 |a Titul z dlouhé série sbírek skutečných životních příběhů, jež se pro čtenáře mohou stát inspirací pro jejich vlastní životní cesty.  |b Společným jmenovatelem příběhů této knihy, rozdělených do jedenácti tematických kapitol, je rozhodující důležitost, jakou má schopnost říci "ano", tedy postavit se kladně k nejrůznějším životním výzvám, otázkám a křižovatkám. Editorka nabízí životní příběhy obyčejných lidí, jimž takové rozhodující "ano" v pravé chvíli dokázalo zlepšit kvalitu života. 
650 0 7 |a pozitivní myšlení  |7 ph124475  |2 czenas 
650 0 7 |a sebedůvěra  |7 ph118402  |2 czenas 
650 0 7 |a odvaha  |7 ph119946  |2 czenas 
650 0 7 |a seberealizace  |7 ph125451  |2 czenas 
650 0 9 |a positive thinking  |2 eczenas 
650 0 9 |a self-reliance  |2 eczenas 
650 0 9 |a courage  |2 eczenas 
650 0 9 |a self-realization  |2 eczenas 
655 7 |a americké příběhy  |7 fd131795  |2 czenas 
655 9 |a American stories  |2 eczenas 
700 1 |a Srbová, Jana  |7 xx0071750  |4 trl 
910 2 |a BOA001  |b 2-1469.522 
920 |a 4598357  |z ABG001 
990 |a BK 
995 |a 01 
991 |b 202107  |c NOV 
996 6 |b 2610871981  |c 2-1469.522  |l MZK  |r Sklad / do 1 hodiny  |n 0  |p p.v.  |w 001857801  |u 000010  |a 1  |e BOA001  |j MZK50  |s P